Orange Sports Teams - Statistics

General Stats
  • This quiz has been taken 489 times
    360 since last reset
  • The average score is 12 of 34
Answer Stats
Hint Answer % Correct
NFL Cincinnati Bengals
70%
MLB Baltimore Orioles
68%
NFL Cleveland Browns
64%
NFL Denver Broncos
54%
NHL Philadelphia Flyers
53%
College Boise State Broncos
51%
College Clemson Tigers
51%
NFL Miami Dolphins
47%
College Syracuse Orangemen
45%
MLB San Francisco Giants
44%
NBA New York Knicks
43%
NFL Chicago Bears
42%
NHL Edmonton Oilers
40%
College Auburn Tigers
38%
NBA Phoenix Suns
38%
NHL New York Islanders
36%
NHL Anaheim Ducks
35%
MLB New York Mets
34%
MLB Detroit Tigers
32%
College Princeton Tigers
32%
College Tennessee Volunteers
31%
NBA Oklahoma City Thunder
30%
College Texas Longhorns
30%
College Miami Hurricanes
28%
College Florida Gators
24%
College Oklahoma State Cowboys
24%
College Oregon State Beavers
24%
College Virginia Cavaliers
18%
College Illinois Fighting Illini
17%
MLB Houston Astros
15%
NBA Charlotte Bobcats
11%
NHL San Jose Sharks
5%
College Texas-El Paso Miners
5%
College Virginia Tech Hokies
5%
No matching quizzes found
Score Distribution
Percent of People with Each Score
Percentile by Number Answered
Your Score History
You have not taken this quiz since the last reset